000 00360 a2200145 4500
001 151458
040 _cEscola São Tomás de Aquino
100 _aFERREIRA, Fabio Gonçalves
240 1 0 _aAinda bem que tudo é diferente
_lpor
245 1 0 _aAinda bem que tudo é diferente
300 _a15
362 0 _a2012
697 _a*LITERATURA INFANTO
942 _cBK
999 _c151458
_d151458